[Event "IMA2"]
[Site "Marianske Lazne CZE"]
[Date "2005.01.24"]
[Round "3"]
[White "Czerwonski,A"]
[Black "Sarbok,T"]
[Result "1-0"]
[WhiteElo "2390"]
[BlackElo "2362"]

1.d4 d5 2.c4 c6 3.Nc3 Nf6 4.e3 e6 5.Nf3 Nbd7 6.Qc2 Be7 7.g4 h6 8.Rg1 dxc4
9.Bxc4 Nb6 10.Be2 Nbd5 11.h4 Nxc3 12.bxc3 Nd7 13.g5 hxg5 14.hxg5 g6 15.Bb2 Qa5
16.Bd3 Rg8 17.Ke2 b6 18.c4 Bb7 19.a3 c5 20.Bc3 Qa6 21.a4 Bc6 22.d5 exd5 23.cxd5 c4
24.Be4 Bb7 25.Nd4 Nc5 26.Bf3 O-O-O 27.e4 Nb3 28.Nb5 Nxa1 29.Bg4+ Kb8 30.Be5+ Bd6
31.Nxd6 c3+ 32.Nb5+ Ka8 33.Rxa1 Bc8 34.Ke3 Qb7 35.Nc7+ Kb8 36.Ne6+ Ka8 37.Nxd8 Rxd8
38.Bxc8 Rxc8 39.Ra3 Qe7 40.Rxc3  1-0

[Event "Gibraltar Masters"]
[Site "Caleta ENG"]
[Date "2005.01.26"]
[Round "2"]
[White "Cmilyte,V"]
[Black "Vinas Guerrero,C"]
[Result "1-0"]
[WhiteElo "2468"]
[BlackElo "2096"]

1.d4 d5 2.c4 c6 3.Nc3 Nf6 4.e3 e6 5.Nf3 Nbd7 6.Qc2 Bd6 7.g4 h6 8.Rg1 Qe7
9.Bd2 e5 10.O-O-O e4 11.Nh4 g6 12.f4 b6 13.cxd5 cxd5 14.Be1 Bb7 15.Kb1 Bb4
16.a3 Bxc3 17.Bxc3 Rc8 18.Qa4 a5 19.Bb5 Ng8 20.Rc1 Rc7 21.Bxa5 Rxc1+ 22.Rxc1 bxa5
23.Rc7 Qxh4 24.Rxb7 Nf6 25.Bxd7+ Kf8 26.Qxa5 Qxh2 27.Be6 fxe6 28.Qd8+  1-0

[Event "IMA1"]
[Site "Marianske Lazne CZE"]
[Date "2005.01.27"]
[Round "6"]
[White "Becker,Mart"]
[Black "Petr,Ma"]
[Result "1/2-1/2"]
[WhiteElo "2251"]
[BlackElo "2266"]

1.d4 e6 2.c4 d5 3.Nc3 c6 4.e3 Nf6 5.Nf3 Nbd7 6.Qc2 Bd6 7.g4 Bb4 8.Bd2 Qe7
9.Bd3 dxc4 10.Bxc4 b6 11.e4 h6 12.Rg1 Bb7 13.O-O-O O-O-O 14.a3 Bxc3 15.Bxc3 Kb8
16.Kb1 Ka8 17.h3 Rc8 18.Rge1 Rhd8 19.Re3 Ne8 20.a4 c5 21.d5 e5 22.Bb5 f6
23.Nh4 Nd6 24.Nf5 Qf8 25.Bd2 Nb8 26.Ra3 a6 27.Be2 Nd7 28.Bc4 Ka7 29.Qd3 g5
30.h4 Nxf5 31.gxf5 Qd6 32.Rh1 Rh8 33.Qe2 Rcg8 34.Qh5 Rg7 35.Rg3 Rgh7 36.Be2 Nf8
37.Qf3 Bc8 38.Qd3 Bb7 39.Bh5 Rg7 40.Be8 Qd8 41.Bh5 Qd6 42.Qc4 a5 43.Be2 Rgh7
44.Rgh3 Rg8 45.Qb5 Nd7 46.Rg1 Rhg7 47.Qd3 Nb8 48.Bh5 Ba6 49.Qc2 Nd7 50.Rhg3 Re8
51.Rd3 Reg8 52.Qd1 Rh8 53.Rh1 Nf8 54.Be8 Nh7 55.Bg6 Nf8 56.Bh5 Nd7 57.Bc1 Nf8
58.Rdh3 Rhh7 59.Be8 Qd8 60.Bh5 Qd6 61.Ka1 Rh8 62.Be8 Qd8 63.Bh5 Qd6 64.R1h2 Rhh7
65.Be8 Qd8 66.Bh5 Qd6 67.Be8 Qd8 68.Qh5 Rh8 69.hxg5 fxg5 70.Bg6 Nxg6 71.fxg6 Qe8
72.Qd1 Qxg6 73.f3 Qd6 74.Rh5 Qf6 75.R2h3 Bc8 76.Rh2 Bd7 77.b3 Be8 78.R5h3 h5
79.Rg3 h4 80.Rg1 Bh5 81.Qd2 Bxf3 82.Rxg5 Rxg5 83.Qxg5 Qxg5 84.Bxg5 Bxe4 85.d6 Bc6
86.Rxh4 Rxh4 87.Bxh4 Kb7 88.Kb2 Kc8 89.Bg3 e4 90.Bf4 Kd7 91.Kc3 Bd5 92.Kc2 Be6
93.Kc3 Kc6 94.Kc2 Kd5 95.Kc3 Bf5 96.Kd2 Be6 97.Kc3 Kc6 98.Kc2 c4 99.bxc4 Bxc4
100.Kc3 Be6 101.Be3 Bd7 102.Kd4 Bf5 103.Ke5 Bd7 104.Kd4  1/2-1/2

[Event "Zimski Winter Open"]
[Site "Belgrade SCG"]
[Date "2005.01.29"]
[Round "7"]
[White "Nenezic,D"]
[Black "Stanisic,J"]
[Result "1-0"]
[WhiteElo "2209"]
[BlackElo "1747"]

1.d4 d5 2.c4 c6 3.Nf3 Nf6 4.e3 e6 5.Nc3 Nbd7 6.Bd3 dxc4 7.Bxc4 b5 8.Bd3 a6
9.e4 Be7 10.e5 Nd5 11.Nxd5 exd5 12.O-O O-O 13.Qc2 c5 14.Bxh7+ Kh8 15.dxc5 Bxc5
16.Bf5 Ba7 17.Qe2 g6 18.Qd2 Re8 19.Qh6+ Kg8 20.Bg5 Qb6 21.Bxd7  1-0

[Event "XII It"]
[Site "Montecatini Terme ITA"]
[Date "2005.01.29"]
[Round "3"]
[White "Djuric,S"]
[Black "Mariotti,S"]
[Result "1-0"]
[WhiteElo "2470"]
[BlackElo "2350"]

1.Nf3 Nf6 2.c4 c6 3.Nc3 d5 4.e3 e6 5.d4 Nbd7 6.Bd3 dxc4 7.Bxc4 b5 8.Bd3 b4
9.Ne4 Nxe4 10.Bxe4 Bb7 11.O-O Qb6 12.a3 Be7 13.axb4 Bxb4 14.Bd2 Bxd2 15.Nxd2 Ba6
16.Re1 Nf6 17.Qa4 Bb5 18.Qa3 a6 19.Rec1 Rd8 20.Bf3 Qb7 21.Nb3 Nd5 22.Na5 Qd7
23.g3 f5 24.Nc4 Qe7 25.Ne5 Rd6 26.Rc2 O-O 27.Rac1 Qc7 28.Be2 Bxe2 29.Rxe2 a5  1-0

[Event "13th Fajr Open"]
[Site "Tehran IRI"]
[Date "2005.01.29"]
[Round "5"]
[White "Khaghani,B"]
[Black "Kheiri,A"]
[Result "1/2-1/2"]
[WhiteElo "2240"]
[BlackElo "2171"]

1.d4 d5 2.c4 c6 3.Nf3 Nf6 4.Nc3 e6 5.e3 Nbd7 6.Bd3 dxc4 7.Bxc4 b5 8.Bd3 Bb7
9.e4 b4 10.Na4 c5 11.Nxc5 Nxc5 12.dxc5 Bxc5 13.Qe2 h6 14.Be3 Qb6 15.Bxc5 Qxc5
16.O-O O-O 17.Rfc1 Qb6 18.Re1 Rfd8 19.Rad1 Rac8 20.Nd2 Rc5 21.Nf3 Kf8 22.e5 Nd5
23.Bb1 Rdc8 24.Qd3 g6 25.Nd2 Nf4 26.Qe3 g5 27.Nf3 Qc6 28.h4 Rc4 29.hxg5 hxg5
30.Rd6 Nxg2 31.Rxc6 Nxe3 32.Rxc8+ Rxc8 33.Nxg5 Nc4 34.Be4 Bxe4 35.Rxe4 a5
36.b3 Nd2 37.Rf4 Rc2 38.Rxf7+ Ke8 39.Ra7 Rxa2 40.Nxe6 Nf3+ 41.Kg2 Nxe5 42.Kg3 Nc6
43.Rc7 Rc2 44.f4 Rc3+ 45.Kg4 Ne7 46.f5 Rxc7 47.Nxc7+ Kf7 48.Nb5 Kf6 49.Nd6 Nc6
50.Ne4+ Ke7 51.Nd2 Kf6 52.Ne4+ Ke7 53.Nd2 Kf6 54.Ne4+ Ke7  1/2-1/2

[Event "Zimski Winter Open"]
[Site "Belgrade SCG"]
[Date "2005.01.30"]
[Round "8"]
[White "Brujic,B"]
[Black "Djerfi,K"]
[Result "0-1"]
[WhiteElo "2221"]
[BlackElo "2334"]

1.d4 d5 2.c4 c6 3.Nc3 Nf6 4.Nf3 e6 5.e3 Nbd7 6.Bd3 dxc4 7.Bxc4 b5 8.Be2 Bb7
9.O-O a6 10.a4 b4 11.Nb1 Be7 12.Nbd2 c5 13.Nc4 O-O 14.a5 Qc7 15.b3 Rfd8 16.Bb2 Rac8
17.Nfd2 cxd4 18.exd4 Qf4 19.g3 Qf5 20.Ne3 Qh3 21.Bf3 Nd5 22.Nxd5 Bxd5 23.Bxd5 exd5
24.Qe2 Qe6 25.Qxe6 fxe6 26.Rfc1 Kf7 27.Kf1 Nb8 28.f4 Ke8 29.Nf3 Bf6 30.Ke2 Kd7
31.Ra4 Rxc1 32.Bxc1 Nc6 33.Kd3 Rb8 34.Bd2 Rb5 35.Ne5+ Bxe5 36.dxe5 g5 37.Kc2 gxf4
38.gxf4 Ke8 39.Ra1 Rxa5 40.Rxa5 Nxa5 41.Bxb4 Nc6 42.Bc3 Kf7 43.Kd3 Kg6 44.Ke3 Kf5
45.Kf3 Ne7 46.Bb4 Ng6 47.Bd2 d4 48.Bc1 h5 49.h3 Ne7 50.Bd2 Nd5 51.Bc1 Nc3
52.Bb2 Ne4 53.Bxd4 Nd2+ 54.Kg3 Nxb3 55.Bb2 Nc5 56.Bc1 a5 57.Ba3 Nd3 58.Kh4 Nxf4
59.Bc1 Kxe5 60.Kg5 Nxh3+ 61.Kxh5 Nf2 62.Kg6 Nd3 63.Bd2 a4 64.Bc3+  0-1

[Event "It"]
[Site "Chernigov UKR"]
[Date "2005.01.30"]
[Round "11"]
[White "Nosenko,A"]
[Black "Savinov,Vi"]
[Result "1/2-1/2"]
[WhiteElo "2509"]
[BlackElo "2482"]

1.d4 d5 2.Nf3 c6 3.c4 e6 4.Nc3 Nf6 5.e3 Nbd7 6.Qc2 Bd6 7.Be2 O-O 8.O-O dxc4
9.Bxc4 b5 10.Be2 Bb7 11.Rd1 Qc7 12.e4 e5 13.dxe5 Nxe5 14.Nd4 Bc5 15.Bf4 Nf3+
16.Nxf3 Qxf4 17.g3 Bxf2+ 18.Kxf2 Ng4+ 19.Ke1 Qe3 20.Rd3 Qf2+ 21.Kd2 Nxh2
22.Nxh2 Qxh2 23.Rf1 b4 24.Na4 Ba6 25.Re3 Rad8+ 26.Ke1 Qh6 27.Ref3 Bxe2 28.Kxe2 Rd4
29.Nc5 Rfd8 30.Nb3 R4d7 31.R1f2 a5 32.Qc1 Qh5 33.Qxc6 Qh1 34.Rf1 Qh2+ 35.R1f2 Qh1
36.Rf1  1/2-1/2

[Event "Bundesliga 2004-5"]
[Site "Erfurt GER"]
[Date "2005.01.30"]
[Round "9"]
[White "Nyback,T"]
[Black "Vuckovic,Alek"]
[Result "1-0"]
[WhiteElo "2554"]
[BlackElo "2325"]

1.d4 Nf6 2.c4 e6 3.Nc3 d5 4.Nf3 c6 5.e3 Nbd7 6.Qc2 a6 7.c5 e5 8.dxe5 Ng4
9.Na4 Ngxe5 10.Nxe5 Nxe5 11.Nb6 Rb8 12.Bd2 Nd7 13.Nxd7 Bxd7 14.Bc3 f6 15.b4 a5
16.a3 axb4 17.axb4 b6 18.Bd4 bxc5 19.bxc5 g6 20.Bd3 Bg7 21.h4 Kf7 22.h5 f5
23.Bxg7 Kxg7 24.Ra7 Rf8 25.g4 Rf7 26.Qc3+ Kh6 27.hxg6+ Kxg6 28.gxf5+ Rxf5
29.Rg1+ Kh5 30.Be2+  1-0

[Event "Open"]
[Site "Geneva SUI"]
[Date "2005.01.30"]
[Round "9"]
[White "Kempinski,R"]
[Black "Geenen,M"]
[Result "1-0"]
[WhiteElo "2624"]
[BlackElo "2356"]

1.d4 d5 2.c4 c6 3.e3 Nf6 4.Nc3 e6 5.Nf3 Nbd7 6.Qc2 b6 7.Rb1 a5 8.b3 Bb7 9.Be2 Be7
10.O-O Qc7 11.Bb2 O-O 12.Rfd1 Rfd8 13.Rbc1 Rac8 14.h3 Qb8 15.Bd3 h6 16.Qe2 c5
17.cxd5 Nxd5 18.Nxd5 Bxd5 19.Ba6 Bb7 20.dxc5 Nxc5 21.Bxb7 Qxb7 22.Qb5 Rxd1+
23.Rxd1 Qc6 24.Qc4 Ne4 25.Qxc6 Rxc6 26.Nd4 Rc8 27.f3 Nf6 28.Rc1 Rxc1+ 29.Bxc1 Nd5
30.Bd2 Bc5 31.Nc2 Kf8 32.Kf2 Ke7 33.Ke2 Kd6 34.Kd3 Kc6 35.e4 Nb4+ 36.Bxb4 axb4
37.f4 b5 38.g4 g5 39.fxg5 hxg5 40.Ne1 Be7 41.Ke3 Bc5+ 42.Ke2 Be7 43.Nd3 Bd6
44.Kf3 Kb6 45.Kf2 Kc6 46.Ke3 Bc5+ 47.Ke2 Bd6 48.Kf3 Kb6 49.Kg2 Kc6 50.h4 gxh4
51.Kh3 Be7 52.Ne5+ Kc5 53.Nxf7 Kd4 54.e5 Kc3 55.g5 Kb2 56.g6 Bf8 57.Ng5 Bg7
58.Nxe6 Bxe5 59.Kxh4 Kxa2 60.Nc5 Bd4 61.Kg4 Bxc5 62.g7 Kxb3 63.g8=Q+ Kb2
64.Qd5 Bf8 65.Qg2+  1-0

[Event "Corus C"]
[Site "Wijk aan Zee NED"]
[Date "2005.01.30"]
[Round "13"]
[White "Mamedjarova,Z"]
[Black "Wempe,Jo"]
[Result "1-0"]
[WhiteElo "2349"]
[BlackElo "2265"]

1.d4 d5 2.c4 e6 3.Nf3 Nf6 4.e3 c6 5.Nc3 Nbd7 6.Bd3 dxc4 7.Bxc4 b5 8.Bd3 a6
9.O-O c5 10.e4 Bb7 11.e5 cxd4 12.Nxb5 Bxf3 13.Qxf3 Nd5 14.Nxd4 Nxe5 15.Qg3 Nxd3
16.Qxd3 Bd6 17.b3 O-O 18.Bb2 Qg5 19.g3 Rfd8 20.Rfd1 a5 21.Qe2 Bf8 22.Rac1 a4
23.bxa4 Rxa4 24.Nxe6 fxe6 25.Qxe6+ Kh8 26.Rc8 Ra5 27.Bf6 Qxf6 28.Qxf6 Rxc8
29.Qf5 Rd8 30.Qf7 h6 31.Rd2 Bb4 32.Rd3 Bc5 33.Kf1 Ra7 34.Qe6 Rad7 35.Rf3 Rd6
36.Qe4 Nf6 37.Qc4 Bd4 38.Rf4 Be5 39.Rf5 Bd4 40.Rf4 Ba7 41.a4 Rd4 42.Rxd4 Bxd4
43.a5 Rd7 44.h4 h5 45.f3 Ba7 46.a6 Kh7 47.g4 hxg4 48.fxg4 Re7 49.h5 Ne4 50.Qd3 g6
51.hxg6+ Kxg6 52.Kg2 Kg5 53.Qd8 Kf6 54.Qf8+ Ke6 55.Qf5+ Kd6 56.g5 Nc5 57.g6 Ne6
58.Kh3 Rg7 59.Qd3+ Ke7 60.Kg4 Bd4 61.Qe4 Ba7 62.Kf5 Rxg6 63.Kxg6 Kd6 64.Qb7 Bc5
65.Qb8+ Kc6 66.a7 Kd5 67.Kf7 Nd4 68.Qc7 Nc6  1-0

[Event "Corus C"]
[Site "Wijk aan Zee NED"]
[Date "2005.01.30"]
[Round "13"]
[White "Mamedjarova,Z"]
[Black "Wempe,Jo"]
[Result "1-0"]
[WhiteElo "2349"]
[BlackElo "2265"]

1.d4 d5 2.c4 e6 3.Nf3 Nf6 4.e3 c6 5.Nc3 Nbd7 6.Bd3 dxc4 7.Bxc4 b5 8.Bd3 a6
9.O-O c5 10.e4 Bb7 11.e5 cxd4 12.Nxb5 Bxf3 13.Qxf3 Nd5 14.Nxd4 Nxe5 15.Qg3 Nxd3
16.Qxd3 Bd6 17.b3 O-O 18.Bb2 Qg5 19.g3 Rfd8 20.Rfd1 a5 21.Qe2 Bf8 22.Rac1 a4
23.bxa4 Rxa4 24.Nxe6 fxe6 25.Qxe6+ Kh8 26.Rc8 Ra5 27.Bf6 Qxf6 28.Qxf6 Rxc8
29.Qf5 Rd8 30.Qf7 h6 31.Rd2 Bb4 32.Rd3 Bc5 33.Kf1 Ra7 34.Qe6 Rad7 35.Rf3 Rd6
36.Qe4 Nf6 37.Qc4 Bd4 38.Rf4 Be5 39.Rf5 Bd4 40.Rf4 Ba7 41.a4 Rd4 42.Rxd4 Bxd4
43.a5 Rd7 44.h4 h5 45.f3 Ba7 46.a6 Kh7 47.g4 hxg4 48.fxg4 Re7 49.h5 Ne4 50.Qd3 g6
51.hxg6+ Kxg6 52.Kg2 Kg5 53.Qd8 Kf6 54.Qf8+ Ke6 55.Qf5+ Kd6 56.g5 Nc5 57.g6 Ne6
58.Kh3 Rg7 59.Qd3+ Ke7 60.Kg4 Bd4 61.Qe4 Ba7 62.Kf5 Rxg6 63.Kxg6 Kd6 64.Qb7 Bc5
65.Qb8+ Kc6 66.a7 Bxa7 67.Qxa7 Kd5 68.Qd7+ Ke5 69.Kf7 Nd4 70.Qc7+ Kd5 71.Ke7 Ne6
72.Qd6+  1-0

[Event "Oceania zt"]
[Site "Auckland NZL"]
[Date "2005.02.01"]
[Round "5"]
[White "Reilly,T"]
[Black "Solomon,SJ"]
[Result "1/2-1/2"]
[WhiteElo "2302"]
[BlackElo "2426"]

1.d4 d5 2.c4 c6 3.Nc3 Nf6 4.e3 e6 5.Nf3 Nbd7 6.Bd3 dxc4 7.Bxc4 b5 8.Bd3 a6
9.a3 c5 10.O-O Bb7 11.Qe2 Bd6 12.Rd1 O-O 13.e4 cxd4 14.Nxd4 Ne5 15.Bc2 Qb6
16.h3 Rfd8 17.Bg5 Rac8 18.Nf3 Nxf3+ 19.Qxf3 Be5 20.Rxd8+ Rxd8 21.Qe2 h6 22.Bxf6 gxf6
23.Rd1 Rxd1+ 24.Nxd1 Qd4 25.Qg4+ Kf8 26.Qe2 Ke7 27.Nc3 Kd6 28.Bd3 Bc6 29.Kf1 Ke7
30.Qd2 Qc5 31.h4 h5 32.Be2 Bd4 33.Bf3 a5 34.Bxh5 Bxc3 35.Qxc3 Qxh5 36.g4 Qxh4
37.Qxc6 Qh3+ 38.Ke1 Qxg4 39.Qc5+ Kd8 40.Qb6+ Ke7 41.Qc5+ Kd8 42.Qb6+ Ke7
43.Qc6  1/2-1/2

[Event "10th HIT Open A"]
[Site "Nova Gorica SLO"]
[Date "2005.02.01"]
[Round "7"]
[White "Jankovic,A"]
[Black "Beletic,D"]
[Result "1/2-1/2"]
[WhiteElo "2477"]
[BlackElo "2199"]

1.d4 d5 2.c4 c6 3.Nc3 Nf6 4.e3 e6 5.Nf3 Nbd7 6.Qc2 Bd6 7.g4 Nxg4 8.Rg1 f5
9.h3 Ngf6 10.Rxg7 Kf8 11.Rg2 Rg8 12.Ng5 Nb8 13.f4 Qe7 14.Bd2 a6 15.c5 Bc7
16.O-O-O Bd7 17.Be1 Be8 18.Bh4 Bg6 19.Be2 Nbd7 20.Rdg1 Kg7 21.Nf3 Kh8 22.Ne5 Qe8
23.Kb1 Bd8 24.Bd3 Nxe5 25.fxe5 Ne4 26.Bxd8 Nxc3+ 27.Qxc3 Qxd8 28.Qe1 Qe7
29.Rg5 Bf7 30.Qh4 Rxg5 31.Rxg5 Bg6 32.Qg3 Rg8 33.h4 Bf7 34.Rxg8+ Bxg8 35.h5 Qg7
36.Qh4 h6 37.Kc2 Qg5 38.Qh3 Bf7 39.Be2 Kg7 40.Kd2 Kf8 41.Qh1 Qg3 42.Qf1 Ke7
43.Qd1 f4 44.exf4 Qxf4+ 45.Kc3 Qe3+ 46.Qd3 Qxd3+ 47.Kxd3 Kd7 48.Kc3 Kc7 49.Kb4 Be8
50.Ka5 Bf7 51.a4 Be8 52.b4 Bf7 53.Bg4 Bg8 54.Bd1 Bf7 55.Be2 Be8 56.Bg4 Bf7
57.b5 axb5 58.axb5 cxb5 59.Kxb5 Bg8 60.Bd1 Bf7  1/2-1/2

[Event "Oceania zt"]
[Site "Auckland NZL"]
[Date "2005.02.03"]
[Round "7"]
[White "Watson,B"]
[Black "Safarian,A"]
[Result "0-1"]
[WhiteElo "2286"]
[BlackElo "2092"]

1.d4 d5 2.c4 e6 3.Nc3 c6 4.e3 Nf6 5.Nf3 Nbd7 6.Bd3 dxc4 7.Bxc4 b5 8.Bd3 a6
9.O-O c5 10.b3 Bb7 11.Bb2 Qc7 12.Rc1 Rd8 13.Qe2 Qb8 14.a4 cxd4 15.exd4 b4
16.Nb1 a5 17.Nbd2 Nd5 18.Bb5 Be7 19.Ne5 Nf6 20.Ndc4 Qa7 21.Nxd7 Nxd7 22.Ne5 Bd5
23.Nc6 Bxc6 24.Rxc6 O-O 25.Rfc1 Bg5 26.Rc7 Qb8 27.Rxd7 Rxd7 28.Bxd7 Bxc1
29.Bxc1 Qc7 30.Bb5 Qxc1+ 31.Qf1 Rc8 32.g3 Qd2 33.Bc4 Qxd4 34.Qe2 Rd8 35.Kg2 g6
36.h4 Qc3 37.h5 Rd2 38.Qe4 Qd4 39.Qf3 gxh5 40.Qa8+ Kg7 41.Qf3 h4 42.Kf1 h3  0-1

[Event "10th HIT Open A"]
[Site "Nova Gorica SLO"]
[Date "2005.02.03"]
[Round "9"]
[White "Jankovic,A"]
[Black "Olarasu,G"]
[Result "1-0"]
[WhiteElo "2477"]
[BlackElo "2327"]

1.d4 d5 2.c4 c6 3.Nc3 Nf6 4.e3 e6 5.Nf3 Nbd7 6.Bd3 Bd6 7.O-O dxc4 8.Bxc4 b5
9.Bd3 a6 10.Ng5 Qc7 11.e4 Bxh2+ 12.Kh1 Bf4 13.e5 Bxc1 14.Rxc1 h6 15.Nh3 Nd5
16.Nxd5 exd5 17.e6 Nf6 18.exf7+ Kxf7 19.Qc2 g5 20.Ng1 Bg4 21.f3 Bd7 22.Rfe1 Qd6
23.Re5 Rhg8 24.Rce1 Rae8 25.a3 Kf8 26.Bg6 Re6 27.Bf5 Re8 28.Bxd7 Qxd7 29.Ne2 g4
30.Nf4 gxf3 31.Rxe8+ Nxe8 32.Ng6+ Rxg6 33.Qxg6 fxg2+ 34.Kxg2 Ng7 35.Kf2 Qf5+
36.Qxf5+ Nxf5  1-0

[Event "XII TCh-RUS 1st League"]
[Site "Smolensk RUS"]
[Date "2005.02.03"]
[Round "1"]
[White "Shalimov,V UKR"]
[Black "Zhuravlev,Al"]
[Result "1-0"]
[WhiteElo "2445"]
[BlackElo "2348"]

1.d4 d5 2.Nf3 Nf6 3.c4 e6 4.Nc3 c6 5.e3 Nbd7 6.Qc2 Bd6 7.b3 O-O 8.Be2 Qe7
9.O-O dxc4 10.bxc4 e5 11.Bb2 Re8 12.Rfd1 e4 13.Nd2 Nf8 14.Nf1 h5 15.a4 Bf5
16.a5 Ng4 17.c5 Bc7 18.d5 Qh4 19.Bxg4 Bxg4 20.Rd4 Be5 21.Rxe4 cxd5 22.Nxd5 Bf5
23.Rxh4 Bxc2 24.Rc1 Bb3 25.Bxe5 Rxe5 26.Nf4 Rc8 27.Nd3 Rd5 28.Rc3 Bd1 29.Rd4 Rcd8
30.Rxd5 Rxd5 31.f3 Ne6 32.Kf2 Ba4 33.e4 Rd4 34.Ne3 Bb5 35.Ne5 Rd2+ 36.Kg3 Nd4
37.Kh4 Ne2 38.Rc2 Rxc2 39.Nxc2 Nf4 40.Nd4 Bf1 41.g3 Ne2 42.Nxe2 Bxe2 43.Kxh5 a6
44.c6 bxc6 45.Nxc6 Bxf3+ 46.Kh4 g6 47.Kh3 Bxe4 48.Na7 Bf5+ 49.Kg2 Bd7  1-0

[Event "ch-POL u-20"]
[Site "Sroda Wlkp. POL"]
[Date "2005.02.03"]
[Round "5"]
[White "Czakon,J"]
[Black "Ejsmont,K"]
[Result "1-0"]
[WhiteElo "2428"]
[BlackElo "2356"]

1.Nf3 d5 2.c4 c6 3.e3 Nf6 4.d4 e6 5.Nc3 Nbd7 6.Qc2 Bd6 7.g4 dxc4 8.Bxc4 e5
9.Bd2 exd4 10.Nxd4 Ne5 11.Be2 O-O 12.g5 Nd5 13.a3 Re8 14.O-O-O Qe7 15.Ne4 Bc7
16.Ng3 c5 17.Ndf5 Bxf5 18.Nxf5 Qe6 19.f4 Nd7 20.Bg4 Qc6 21.Bc3 N7b6 22.Bf3 Qe6
23.Bxd5 Nxd5 24.Nxg7 Qxe3+ 25.Bd2 Qf3 26.Nxe8 Rxe8 27.Rhf1 Qg2 28.Rg1 Qf2
29.g6 hxg6 30.Rxg6+ Kf8 31.Rh6  1-0

[Event "FINEC WGM"]
[Site "St Petersburg RUS"]
[Date "2005.02.03"]
[Round "8"]
[White "Kostiuk,T"]
[Black "Doluhanova,E"]
[Result "1-0"]
[WhiteElo "2307"]
[BlackElo "2297"]

1.d4 d5 2.c4 c6 3.Nf3 Nf6 4.e3 e6 5.Nc3 Nbd7 6.Qc2 Bd6 7.Bd2 O-O 8.O-O-O dxc4
9.Bxc4 e5 10.dxe5 Nxe5 11.Nxe5 Bxe5 12.f4 Bxc3 13.Bxc3 Qe7 14.Bd3 Be6 15.a3 Rfd8
16.Bxf6 Qxf6 17.Bxh7+ Kh8 18.Be4 Rxd1+ 19.Rxd1 Bg4 20.Re1 Re8 21.g3 Qe6 22.Bd3 Rd8
23.e4 Rd4 24.Qc3 c5 25.Kb1 Qd7 26.Bc2 b6 27.f5 f6 28.h3 Bh5 29.g4 Bf7 30.h4 Rc4
31.Rd1 Rd4 32.Rxd4 cxd4 33.Qd3 b5 34.Bb3 Bxb3 35.Qxb3 d3 36.Qd5 Qc7 37.Qxd3 Qf4
38.g5 fxg5 39.hxg5 Qxg5 40.Qxb5 Qg4 41.Qd5 Qf4 42.Ka2 Kh7 43.Qe6 Qc7 44.e5 Kh8
45.f6 gxf6 46.exf6 Qc5 47.Qe8+ Kh7 48.Qe7+  1-0

[Event "ch-FRA Top 16 GpA"]
[Site "Mulhouse FRA"]
[Date "2005.02.04"]
[Round "1"]
[White "Wagner,Cl"]
[Black "Oudot,J"]
[Result "0-1"]
[WhiteElo "2375"]
[BlackElo "2142"]

1.d4 d5 2.Nf3 Nf6 3.c4 c6 4.Nc3 e6 5.e3 Nbd7 6.Qc2 Bd6 7.g4 Bb4 8.Bd2 Qe7
9.Bd3 Bxc3 10.Bxc3 dxc4 11.Bxc4 b5 12.Bd3 b4 13.Bd2 Bb7 14.e4 a5 15.g5 Nh5
16.Be3 Rc8 17.Ne5 g6 18.Nxd7 Qxd7 19.Qc5 Qc7 20.Ke2 Nf4+ 21.Bxf4 Qxf4 22.f3 h6
23.h4 hxg5 24.hxg5 Rh2+ 25.Rxh2 Qxh2+ 26.Ke3 Kd7 27.Qxa5 Qg2 28.Be2 Rh8 29.Qxb4 Qxg5+
30.f4 Qg3+ 31.Bf3 Kc8 32.Rc1 g5 33.Qd6 Rh4 34.Qf8+ Kc7 35.Qe7+ Kc8 36.Qxg5 Qh2
37.Qg8+ Kc7 38.Qxf7+ Kb6 39.Qf8 Qxb2  0-1

[Event "TCh-SWE Elitserien 2004-5"]
[Site "Sweden SWE"]
[Date "2005.02.05"]
[Round "7"]
[White "Brontz,A"]
[Black "Andersson,Fred2"]
[Result "1-0"]
[WhiteElo "2245"]
[BlackElo "2208"]

1.d4 d5 2.c4 c6 3.Nc3 Nf6 4.e3 e6 5.Nf3 Nbd7 6.Bd3 dxc4 7.Bxc4 b5 8.Bb3 b4
9.Ne2 Be7 10.O-O O-O 11.Ng3 c5 12.e4 Bb7 13.Re1 cxd4 14.e5 Nd5 15.Qxd4 Re8
16.Qg4 Bf8 17.Ng5 h6 18.Nf3 g6 19.h4 Bg7 20.h5 g5 21.Ne4 Qb8 22.Ba4 N5b6
23.Bxd7 Nxd7 24.Nexg5 hxg5 25.Qxg5 Kh8 26.h6 Bf8 27.Rd1 Qd8 28.Qh5 Bxf3 29.gxf3 Qe7
30.Bg5 f6 31.exf6 Nxf6 32.Qh4 Qh7 33.Bxf6+ Kg8 34.Qg5+ Kf7 35.Rd7+ Be7 36.Bxe7 Rg8
37.Bf6+ Ke8 38.Rxh7  1-0

[Event "TCh-SWE Elitserien 2004-5"]
[Site "Sweden SWE"]
[Date "2005.02.05"]
[Round "7"]
[White "Brynell,S"]
[Black "Holmsgaard,H"]
[Result "1-0"]
[WhiteElo "2464"]
[BlackElo "2292"]

1.d4 d5 2.c4 c6 3.Nc3 Nf6 4.e3 e6 5.Nf3 Nbd7 6.Bd3 dxc4 7.Bxc4 b5 8.Be2 Bb7
9.O-O b4 10.Na4 Be7 11.a3 a5 12.Qc2 O-O 13.Rd1 Qc7 14.axb4 axb4 15.Bd2 Rfc8
16.Nc5 Nxc5 17.dxc5 b3 18.Qc4 Nd7 19.Bb4 Ra2 20.Rxa2 bxa2 21.Ra1 Ra8 22.Rxa2 Rxa2
23.Qxa2 Qb8 24.Nd4 Bxc5 25.Bxc5 Nxc5 26.Bf3 Na6 27.Qa5 Qc8 28.h3 h6 29.b4 Nb8
30.Qc5 Qd7 31.Qa7 Qc8 32.b5 e5 33.Nf5  1-0

[Event "ch-FRA Top 16 GpB"]
[Site "Vandoeuvre FRA"]
[Date "2005.02.05"]
[Round "2"]
[White "Midoux,S"]
[Black "Crouan,S"]
[Result "0-1"]
[WhiteElo "2310"]
[BlackElo "2229"]

1.d4 d5 2.c4 c6 3.Nc3 Nf6 4.e3 e6 5.Nf3 Nbd7 6.Bd3 dxc4 7.Bxc4 b5 8.Bd3 a6
9.e4 c5 10.e5 Nd5 11.Nxd5 exd5 12.O-O Be7 13.Re1 c4 14.Bc2 Nf8 15.h3 g5 16.Nh2 h5
17.f4 gxf4 18.Bxf4 Be6 19.Nf3 Rg8 20.Kh2 Ng6 21.Bh6 Qd7 22.Qd2 O-O-O 23.Bg5 Bxg5
24.Qxg5 Ne7 25.Qf6 Nc6 26.Rad1 Qe7 27.Qxe7 Nxe7 28.Nh4 Rg5 29.Rf1 Rdg8 30.Rd2 Kc7
31.Rf6 a5 32.Rh6 b4 33.Bd1 Nf5 34.Nxf5 Bxf5 35.Bc2 c3 36.bxc3 bxc3 37.Rf2 Bxc2
38.Rxf7+ Kd8 39.g4 Bg6 40.Rf6 c2 41.Rc6 Kd7 42.Rc5 Rc8  0-1

[Event "ch-POL u-20"]
[Site "Sroda Wlkp. POL"]
[Date "2005.02.06"]
[Round "8"]
[White "Ejsmont,K"]
[Black "Stopa,Ja"]
[Result "1/2-1/2"]
[WhiteElo "2356"]
[BlackElo "2334"]

1.d4 d5 2.c4 e6 3.Nc3 Nf6 4.Nf3 c6 5.e3 Nbd7 6.Qc2 a6 7.b3 Bd6 8.Bb2 O-O
9.Bd3 c5 10.cxd5 exd5 11.O-O Qc7 12.dxc5 Nxc5 13.Ne2 Nfe4 14.Ng3 Bg4 15.Rac1 Qe7
16.Nd4 Qh4 17.Be2 Be6  1/2-1/2

[Event "2nd GM"]
[Site "Kish IRI"]
[Date "2005.02.08"]
[Round "9"]
[White "Kunte,A"]
[Black "Paridar,S"]
[Result "1-0"]
[WhiteElo "2568"]
[BlackElo "2274"]

1.d4 d5 2.c4 e6 3.Nc3 c6 4.e3 Nf6 5.Nf3 Nbd7 6.Bd3 dxc4 7.Bxc4 b5 8.Bd3 a6
9.e4 b4 10.Na4 c5 11.e5 Nd5 12.O-O Bb7 13.Ng5 Qc7 14.Qh5 g6 15.Qf3 N5f6 16.Qh3 Nh5
17.Bd2 Ng7 18.Rac1 Be7 19.Rfe1 Nf5 20.dxc5 Bxg5 21.Bxg5 Nxe5 22.c6 Nxc6 23.Bf6 Rf8
24.Nc5 Nfe7 25.Be4 Rc8 26.Nxb7 Qxb7 27.Red1 Qb5 28.Qg3  1-0

[Event "FSIMA February"]
[Site "Budapest HUN"]
[Date "2005.02.11"]
[Round "7"]
[White "Ignacz,M"]
[Black "Pap,G"]
[Result "0-1"]
[WhiteElo "2187"]
[BlackElo "2371"]

1.c4 Nf6 2.Nf3 e6 3.Nc3 d5 4.e3 c6 5.d4 Nbd7 6.Bd3 dxc4 7.Bxc4 b5 8.Bd3 Bb7
9.O-O a6 10.e4 c5 11.d5 c4 12.Bc2 Qc7 13.dxe6 fxe6 14.Qe2 Bd6 15.h3 O-O 16.Bg5 h6
17.Bd2 Nc5 18.a3 Bf4 19.Rad1 Bxd2 20.Rxd2 Qf4 21.Re1 Rad8 22.Rxd8 Rxd8 23.Qe3 Qxe3
24.Rxe3 Bc6 25.e5 Nd5 26.Nxd5 Bxd5 27.Nh4 g5 28.Nf3 Bxf3 29.Rxf3 Rd2 30.Rc3 Nd7
31.Kf1 Nxe5 32.Ke1 Rd5 33.Re3 Kf7 34.Be4 Rd6 35.Bc2 Nc6 36.Bd1 Nd4 37.Rc3 Rd5
38.b3 cxb3 39.Bxb3 Nxb3 40.Rxb3 Ke7 41.Rc3 Kd7 42.Ke2 a5 43.Rc2 h5 44.Rc3 Kd6
45.Rc8 Rc5 46.Ra8 Rc2+ 47.Ke1 a4 48.Rd8+ Ke5 49.Rd3 Rb2 50.Rd1 b4 51.axb4 a3
52.Ra1 a2  0-1

[Event "21st Open"]
[Site "Cappelle la Grande FRA"]
[Date "2005.02.12"]
[Round "1"]
[White "Yrjola,J"]
[Black "Czarnota,D"]
[Result "1-0"]
[WhiteElo "2401"]
[BlackElo "2212"]

1.d4 d5 2.c4 c6 3.Nc3 Nf6 4.e3 e6 5.Nf3 Nbd7 6.Bd3 dxc4 7.Bxc4 b5 8.Bd3 b4
9.Ne4 Be7 10.O-O O-O 11.Nxf6+ Nxf6 12.e4 Bb7 13.e5 Nd7 14.Be4 h6 15.Be3 Re8
16.Nd2 Rc8 17.Qg4 Kh8 18.Qh3 Bf8 19.f4 Ba6 20.f5 Bxf1 21.Rxf1 exf5 22.Qxf5 g6
23.Qxf7 Qe7 24.Qxg6 Qg7 25.Qh5 Nxe5 26.Rxf8+ Rxf8 27.dxe5 Rg8 28.Bxh6 Qg4
29.Bg7+  1-0

[Event "Bundesliga 2004-5"]
[Site "Solingen GER"]
[Date "2005.02.12"]
[Round "10"]
[White "Dinstuhl,V"]
[Black "Marxen,P"]
[Result "1-0"]
[WhiteElo "2420"]
[BlackElo "2212"]

1.d4 d5 2.c4 e6 3.Nf3 Nf6 4.Nc3 c6 5.e3 Nbd7 6.Qc2 b6 7.Bd3 Bb7 8.cxd5 exd5
9.O-O Be7 10.b3 O-O 11.Ne5 c5 12.Bb2 cxd4 13.exd4 Bd6 14.f4 Re8 15.Rac1 Nf8
16.Bf5 Ne6 17.Ne2 Ba6 18.Qd2 Rc8 19.Rxc8 Qxc8 20.Rc1 Qb8 21.Ng3 Rc8 22.Re1 Qc7
23.Nxf7 Kxf7 24.Bxe6+ Kf8 25.Rc1 Qb8 26.Bxc8 Bxc8 27.Qe3 Ba6 28.Qe6 Qd8 29.Nf5 Bb4
30.a3 Bd2 31.Bc3 Bxc3 32.Rxc3 Ne4 33.Rc1 g6 34.Nh6  1-0

[Event "21st Open"]
[Site "Cappelle la Grande FRA"]
[Date "2005.02.14"]
[Round "3"]
[White "Van der Stricht,G"]
[Black "Nordstrom,F"]
[Result "1-0"]
[WhiteElo "2425"]
[BlackElo "2205"]

1.d4 d5 2.c4 c6 3.Nc3 Nf6 4.Nf3 e6 5.e3 Nbd7 6.Qc2 Bd6 7.Bd3 O-O 8.O-O dxc4
9.Bxc4 a6 10.Rd1 Qc7 11.e4 e5 12.g3 b5 13.Be2 Bb7 14.Bg5 exd4 15.Nxd4 Rfe8
16.Bf3 h6 17.Nf5 Bf8 18.Bf4 Ne5 19.Bg2 Rad8 20.a4 Rxd1+ 21.Rxd1 Bc8 22.Nd5 Nxd5
23.exd5 Bxf5 24.Qxf5 c5 25.axb5 axb5 26.h4 Bd6 27.h5 Qc8 28.Qxc8 Rxc8 29.Ra1 Nc4
30.Bc1 Be5 31.Ra2 Kf8 32.Kf1 Nd6 33.Ra6 Rd8 34.b3 c4 35.bxc4 bxc4 36.Ba3 Kg8
37.f4  1-0